| 000 | 00762cam a2200253 a 4500 | ||
|---|---|---|---|
| 001 | 3541143 | ||
| 005 | 20180123034101.0 | ||
| 008 | 970127s1998 nyu b 001 0 eng c | ||
| 010 | _a 97000856 | ||
| 020 | _a0195093593X | ||
| 040 |
_aDNLM/DLC _cDLC _dDLC |
||
| 041 | _aeng | ||
| 043 | _ae-uk--- | ||
| 060 | 1 | 0 | _a362.1072 |
| 080 | _a362.1072 | ||
| 082 | 0 | 0 |
_a362.1072 ARM _221 |
| 100 | 1 | _a4 | |
| 101 | _aSHM | ||
| 245 | 1 | 0 |
_aEpidemiology and health services / _cHaroutune K. Armenian, Sam Shapiro. |
| 504 | _aIncludes bibliographical references and index. | ||
| 906 |
_a7 _bcbc _corignew _d1 _eocip _f19 _gy-gencatlg |
||
| 942 |
_2ddc _cBK |
||
| 999 |
_c40708 _d40708 |
||